00590 2200229 4500001002100000005001500021035002000036008004100056245004800097100002200145250001000167260003700177300003000214020002200244084001700266082001100283650002600294990001000320990001000330990001000340990001000350INLIS00000000001204020260424110718 a0010-0426000011260424 g 0 ind 1 aYang tak kunjung padam /cSoe Tjen Marching aSoe Tjen Marching aCet.5 aYogyakarta :bMojok Group,c2023 aviii, 332 hlm ;c13x19 cm a978-623-7284-88-8 a327.16 SOE y a327.16 4aKonflik Internasional a58235 a58236 a58237 a58238